Normal view
MARC view
- ادب الاطفال - المماليك - تاريخ
Entry Topical Term
001 - CONTROL NUMBER
- control field: 16748
003 - CONTROL NUMBER IDENTIFIER
- control field: JO-AjAnu
005 - DATE AND TIME OF LATEST TRANSACTION
- control field: 20230606072954.0
008 - FIXED-LENGTH DATA ELEMENTS
- fixed length control field: 230606|| aca||aabn | a|a d
040 ## - CATALOGING SOURCE
- Original cataloging agency: JO-AjAnu
- Transcribing agency: JO-AjAnu
150 ## - HEADING--TOPICAL TERM
- Topical term or geographic name entry element: ادب الاطفال - المماليك - تاريخ
670 ## - SOURCE DATA FOUND
- Source citation: Work cat.: (JO-AjAnu)8600: تاليف ملص، محمد بسام, author 16747, رجال مرج دابق من تاريخ المماليك في أدب الأطفال: دراسة نقدية